000 00842nam a2200229Ii 4500
003 JO-AjNU
008 230605s9999||||xx |||||||||||||| ||und||
017 _a2017/12/6553
020 _a978-9957-92-186-6
040 _aJO-AjNU
_bara
_erda
_cJO-AjNU
041 _aara
050 1 4 _aE183.7.S2222 2018
100 3 _aالسبعاوي، عوني عبد الرحمن,
_eauthor
_960218
245 0 0 _aالتاريخ الامريكي الحديث والمعاصر
250 _aط2
264 3 1 _aعمان: دار الفكر ناشرون وموزعون، 2018
300 _a374ص
_bطبعة مزيدة ومنقحة
336 _atext
_btxt
_2rdacontent
337 _aunmediated
_bn
_2rdamedia
338 _avolume
_bnc
_2rdacarrier
650 4 _aالولايات المتحدة الامريكية- العصر الحديث - التاريخ
_960219
999 _aA27142
_c30710
_d30710